00000000nam##2200000za#4500
0019.683683
003CaOODSP
00520210615133718
007ta
008150407|2007||||xxc|||||     f|0| 0 fre|d
020 |a978-0-662-73705-6
040 |aCaOODSP|bfre
043 |an-cn---
0861 |aM144-145/2-2007F
1101 |aCanada.|bRessources naturelles Canada. |bOffice de l'efficacité énergétique.
24513|aLe confort au foyer
2461 |iAutre titre cité pour la publication : |aEnergy Star - Le confort au foyer
260 |aOttawa - Ontario : |bRessources naturelles Canada. |cMise à jour mars 2007.
300 |a1 feuille ([2]p.) ; |c28 cm.
500 |aEn tête du titre: Écoénergie - ensemble pour faire plus avec moins.
563 |aDépliant
590 |a07-17|b2007-04-27
69107|aProduit de consommation|2gcpds
69107|aConsommation d'énergie|2gcpds
77508|tHome comfort |w(CaOODSP)9.650587
7760#|tLe confort au foyer |w(CaOODSP)9.633945